| 000 | 00382 a2200109 4500 | ||
|---|---|---|---|
| 001 | ART_27838 | ||
| 005 | 20260410161950.0 | ||
| 008 | 260409a | ||
| 245 | 1 | 0 | _aComparative study of Pierre Bonnards "Nude crouching in the Tub" and D. H. Lawrences "Gloire de Dijon Roses" |
| 100 | 1 | _aAcquarone, Cecilia | |
| 773 | 0 |
_tInvenio _g- Año 4, Nº 7 (dic. 2001) _wREV27781 |
|
| 999 |
_c30271 _d30271 |
||